000 00620nam a22002057a 4500
005 20251108172048.0
008 250721s9999 xx 000 0 ara d
082 1 4 _aط/372.21/مع
100 1 _aخليل، نضال
_eرسام
245 1 0 _aمع البيئة /
264 1 _aحلب :
_bدار القلم العربي،
_c[19-].
300 _a[10 ص]
490 0 _a(نصائح تربوية للأطفال ؛ 4)
650 1 7 _aالتلوث
650 1 7 _aالبيئة
650 1 7 _aصحة البيئة
653 _aأطفال ما قبل المدرسة ( 6 - 9 سنوات )
942 _2ddc
_cBK
999 _c69469
_d69469